LEADER 00980nam0-2200325---450- 001 990009525710403321 005 20120208113323.0 010 $a978-0-415-56933-0 035 $a000952571 035 $aFED01000952571 035 $a(Aleph)000952571FED01 035 $a000952571 100 $a20120208d2011----km-y0itay50------ba 101 0 $aeng 102 $aGB 105 $ay-------001yy 200 1 $aChina and Africa development relations$fedited by Christopher M. Dent 210 $aLondon and New York$cRoutledge$d2011 215 $axv, 186 p.$d24 cm 225 1 $aRoutledge contemporary China series$v55 610 0 $aCina$aRelazioni economiche con i paesi africani 676 $a337.5106$v22$zita 702 1$aDent,$bChristopher M. 801 0$aIT$bUNINA$gREICAT$2UNIMARC 901 $aBK 912 $a990009525710403321 952 $aCollez. 2111 (55)$b48228$fFSPBC 959 $aFSPBC 996 $aChina and Africa development relations$9855932 997 $aUNINA LEADER 01193nam0-22004211i-450- 001 990003012920403321 005 20150422165023.0 010 $a88-207-1479-5 035 $a000301292 035 $aFED01000301292 035 $a(Aleph)000301292FED01 035 $a000301292 100 $a20030910d1986----km-y0itay50------ba 101 1 $aita$ceng 102 $aIT 200 1 $aAritmetica politica$fWilliam Petty$ga cura e con introduzione di Eugenio Zagari 210 $aNapoli$cLiguori$d1986 215 $a116 p.$d21 cm 225 1 $aProposte$v12 610 0 $aScuola classica inglese 610 0 $aEconomia$aTeorie 676 $aD/3.21 676 $a330.1$v22$zita 700 1$aPetty,$bWilliam$f<1623-1687>$058176 702 1$aZagari,$bEugenio 801 0$aIT$bUNINA$gRICA$2UNIMARC 901 $aBK 912 $a990003012920403321 952 $aD/3.21 PET/86$b4106$fSES 952 $aD/3.21 PET/DEP$b4107$fSES 952 $aD/3.21 PET/DEP/1$b4105$fSES 952 $aD/3.21 PET/DEP/2$b4103$fSES 952 $aD/3.21 PET/DEP/3$b4104$fSES 952 $aA / PET 3$b1648$fBFS 959 $aSES 959 $aBFS 996 $aPolitical arithmetick$949614 997 $aUNINA LEADER 01684nam 2200397Ia 450 001 996386283003316 005 20221108084442.0 035 $a(CKB)1000000000620642 035 $a(EEBO)2240874219 035 $a(UnM)99900638 035 $a(EXLCZ)991000000000620642 100 $a19990304d1630 uy | 101 0 $aeng 135 $aurbn||||a|bb| 200 14$aThe great assize: or, day of jubilee$b[electronic resource] $edeliuered in foure sermons, vpon the 20th. chap. of the Revel. Ver. 12, 13, 14, 15. Whereunto are annexed two sermons vppon the I. chapter of the Canticles, verse 6, 7 205 $aThe fifth impression, corrected and amended by the author Samuel Smith, minister of the word of God, at Prittlewell in Essex. 210 $aLondon $cprinted by Nicholas Okes, and are to be sold by Tho: Alchorn, at his shop in Pauls Church-yard, at the signe of the Greene Dragon$d1630 215 $a[16], 332 p 300 $a"A fold for Christs sheepe" has separate dated title page on p.[205]; pagination and register are continuous. 300 $aThe first leaf is blank. 300 $aSignatures: A-X Y⁶. 300 $aCopy at reel 2085 lacks blank leaf. 300 $aReproduction of original in the Folger Shakespeare Library. 330 $aeebo-0055 606 $aSermons, English$y17th century 606 $aAssize sermons$y17th century 615 0$aSermons, English 615 0$aAssize sermons 700 $aSmith$b Samuel$f1588-1665.$01001235 801 0$bCu-RivES 801 1$bCu-RivES 801 2$bWaOLN 906 $aBOOK 912 $a996386283003316 996 $aThe great assize, or, Day of jubilee$92336755 997 $aUNISA LEADER 05467nam 2200721Ia 450 001 9910830817103321 005 20170809151335.0 010 $a1-281-23758-2 010 $a9786611237585 010 $a1-118-26819-9 010 $a0-470-27840-4 035 $a(CKB)1000000000412838 035 $a(EBL)333733 035 $a(SSID)ssj0000073879 035 $a(PQKBManifestationID)11125446 035 $a(PQKBTitleCode)TC0000073879 035 $a(PQKBWorkID)10118048 035 $a(PQKB)11658597 035 $a(MiAaPQ)EBC333733 035 $a(OCoLC)773301860 035 $a(CaSebORM)9780470114780 035 $a(EXLCZ)991000000000412838 100 $a20070927d2008 uy 0 101 0 $aeng 135 $aur|n|---||||| 181 $ctxt 182 $cc 183 $acr 200 10$aBuilding a world-class compliance program$b[electronic resource] $ebest practices and strategies for success /$fMartin T. Biegelman ; with Daniel R. Biegelman 205 $a1st edition 210 $aHoboken, NJ $cJohn Wiley & Sons$dc2008 215 $a1 online resource (320 p.) 300 $aDescription based upon print version of record. 311 $a0-470-11478-9 320 $aIncludes bibliographical references and index. 327 $aBuilding a World-Class Compliance Program; Contents; Foreword; AN EVOLVING FUNCTION; A FALSE SENSE OF SECURITY; HIGH STAKES; SUPPORT FOR THIS ENDEAVOR; Preface; Acknowledgments; About the Author; Chapter 1: Why Ethics and Compliance Will Always Matter; ETHICS IS JOB ONE; THE NYPD AND AN ETHICAL CULTURE; WHAT IS COMPLIANCE?; BUILDING THE BUSINESS CASE FOR ETHICS; COMPLIANCE OBSTACLES; KEN LAY ON ETHICAL CONDUCT; THE WARNING SIGNS OF COMPLIANCE FAILURES; NOTES; Chapter 2: Tone at the Top and Throughout; INTEGRITY AT THE TOP; IT'S BETTER TO BE LUCKY THAN GOOD; COMMUNICATING VALUES 327 $aHOW THE CEO CAN MAKE THE DIFFERENCENOTES; Chapter 3: The Growth and Evolution of Compliance; A BRIEF HISTORY OF COMPLIANCE; CRACKING DOWN ON FRAUD; THE MCNULTY MEMORANDUM; EVALUATING THE SEABOARD CRITERIA IN MITIGATING ENFORCEMENT ACTIONS; NOTES; Chapter 4: Caremarkand Sarbanes-Oxley: Enhancing Compliance; THE CAREMARK CASE; CAREMARK: A CRITICAL LOOK BACK; SOX RECONSIDERED; ADDITIONAL COMPLIANCE LAWS AND STANDARDS; NOTES; Chapter 5: CA's Compliance Rebirth: Don't Lie, Don't Cheat, Don't Steal; THE "35-DAY MONTH" ACCOUNTING FRAUD; THE DEFFERED PROSECUTION AGREEMENT 327 $aCA'S FIRST CHIEF COMPLIANCE OFFICERUNFETTERED ACCESS; BUILDING THE COMPLIANCE PROGRAM; CA'S REVISED CODE OF CONDUCT; JOINING THE DEFENSE INDUSTRY INITIATIVE; CA'S TONE AT THE TOP; RESPONSE TO VIOLATIONS OF BUSINESS PRACTICES; ENSURING FUTURE COMPLIANCE; BUSINESS PRACTICE OFFICERS; COMPLIANCE AND ETHICS LEADERSHIP COUNCIL PROGRAM ASSESSMENT; PAT GNAZZO'S FIVE BEST PRACTICES FOR A WORLD-CLASS COMPLIANCE PROGRAM; A NEW ERA OF OPPORTUNITY; NOTES; Chapter 6: The International Landscape of Compliance; THE FOREIGN CORRUPT PRACTICES ACT; SCHNITZER STEEL AND THE FCPA 327 $aMETCALF AND EDDY CIVIL FCPA SETTLEMENTTHE CHALLENGE OF IMPLEMENTING CORPORATE COMPLIANCE IN FOREIGN ISSUERS; NOTES; Chapter 7: Compliance Programs and Anti-Money Laundering Efforts; WHAT IS MONEY LAUNDERING?; BANK SECRECY ACT; USA PATRIOT ACT; NON-FINANCIAL INSTITUTIONS; COMPLIANCE PROGRAMS; THE RISE OF FOREIGN STATUTES; NOTES; About the Chapter Authors; Chapter 8: Interview with an Ethics and Compliance Thought Leader; NOTES; Chapter 9: Building a World-Class Compliance Program: The Seven Steps in Practice (Part I); THE SEVEN STEPS TO AN EFFECTIVE COMPLIANCE PROGRAM; SEVEN STEPS OVERVIEW 327 $aSTEP 1: COMPLIANCE STANDARDS AND PROCEDURESSTEP 2: ORGANIZATIONAL LEADERSHIP AND A CULTURE OF COMPLIANCE; STEP 3: REASONABLE EFFORTS TO EXCLUDE PROHIBITED PERSONS; NOTES; Chapter 10: Building a World-Class Compliance Program: The Seven Steps in Practice (Part II); STEP 4: TRAINING AND COMMUNICATION OF STANDARDS AND PROCEDURES; STEP 5: MONITORING, AUDITING, AND EVALUATING PROGRAM EFFECTIVENESS; STEP 6: PERFORMANCE INCENTIVES AND DISCIPLINARY ACTION; STEP 7: RESPONSE TO CRIMINAL CONDUCT AND REMEDIAL ACTION; AVOIDING ACCIDENTS ON THE ROAD TO COMPLIANCE; NOTES 327 $aChapter 11: Recognizing Compliance Excellence: Premier, Inc. and Winning the Baldrige Award* 330 $aWritten by a long-standing practitioner in the field, this timely and critical work is your best source for understanding all the complex issues and requirements associated with corporate compliance. It provides clear guidance for those charged with protecting their companies from financial and reputational risk, litigation, and government intervention, who want a robust guide to establish an effective compliance program. 606 $aCompliance auditing 606 $aAuditing, Internal 606 $aCorporations$xCorrupt practices$xPrevention 606 $aBusiness ethics 615 0$aCompliance auditing. 615 0$aAuditing, Internal. 615 0$aCorporations$xCorrupt practices$xPrevention. 615 0$aBusiness ethics. 676 $a657 676 $a657.45 676 $a657/.45 676 $a658.473 700 $aBiegelman$b Martin T$01611966 701 $aBiegelman$b Daniel R$01611967 801 0$bMiAaPQ 801 1$bMiAaPQ 801 2$bMiAaPQ 906 $aBOOK 912 $a9910830817103321 996 $aBuilding a world-class compliance program$93940483 997 $aUNINA